034_ Personnalités nées un 3 février par images - Statistiques

Statistiques générales
  • Ce quiz a été pris 26 fois
  • Le résultat moyen est 2 sur 9
Statistiques - réponses
Par images Hint Réponse % Correct
Vidéaste Cocotte
65%
Politicien Gilbert Collard
54%
Politicien Stéphane Le Foll
46%
Philosophe Simone Weil
35%
Écrivaine Gertrude Stein
4%
Actrice Isla Fisher
4%
Chanteuse Alys Robi
0%
Joueur de football américain Bob Griese
0%
Chanteur Daddy Yankee
0%
Aucun quiz correspondant
Distribution des résultats
% des personnes avec chaque résultat
Percentile par nombre de réponses
Votre historique - résultats
Vous n’avez pas pris ce quiz